[Event "Russian Blitz Team Championship (m)"]
[Site "Sochi"]
[Date "2022.10.17"]
[Round "8.7"]
[White "Moiseenko, Vadim"]
[Black "Pershin, Denis"]
[Result "1-0"]
[BlackElo "2300"]
[WhiteElo "2492"]
[LiveChessVersion "1.4.8"]

1. Nf3 {[%clk 0:03:03]} Nf6 {[%clk 0:03:02]} 2. g3 {[%clk 0:03:05]} b5
{[%clk 0:03:03]} 3. Bg2 {[%clk 0:03:04]} Bb7 {[%clk 0:03:04]} 4. Na3
{[%clk 0:03:04]} a6 {[%clk 0:03:00]} 5. c4 {[%clk 0:03:05]} b4 {[%clk 0:02:57]}
6. Nc2 {[%clk 0:03:05]} c5 {[%clk 0:02:53]} 7. O-O {[%clk 0:03:06]} e6
{[%clk 0:02:50]} 8. b3 {[%clk 0:03:07]} Be7 {[%clk 0:02:48]} 9. Bb2
{[%clk 0:03:08]} d5 {[%clk 0:02:44]} 10. e3 {[%clk 0:02:47]} dxc4
{[%clk 0:02:39]} 11. bxc4 {[%clk 0:02:48]} O-O {[%clk 0:02:33]} 12. Qe2
{[%clk 0:02:48]} a5 {[%clk 0:02:30]} 13. Rfd1 {[%clk 0:02:48]} a4
{[%clk 0:02:10]} 14. Rab1 {[%clk 0:02:45]} Nbd7 {[%clk 0:01:46]} 15. d4
{[%clk 0:02:45]} Qc7 {[%clk 0:01:45]} 16. dxc5 {[%clk 0:02:40]} b3
{[%clk 0:01:14]} 17. axb3 {[%clk 0:02:39]} axb3 {[%clk 0:01:15]} 18. Ncd4
{[%clk 0:02:32]} Be4 {[%clk 0:01:15]} 19. Nb5 {[%clk 0:02:12]} Qxc5
{[%clk 0:01:06]} 20. Bd4 {[%clk 0:02:12]} Qb4 {[%clk 0:00:58]} 21. Bc3
{[%clk 0:02:13]} Qc5 {[%clk 0:00:44]} 22. Rxb3 {[%clk 0:02:13]} Rac8
{[%clk 0:00:31]} 23. Bb4 {[%clk 0:02:11]} Qxc4 {[%clk 0:00:19]} 24. Qxc4
{[%clk 0:02:11]} Rxc4 {[%clk 0:00:20]} 25. Bxe7 {[%clk 0:02:10]} Bc2
{[%clk 0:00:20]} 26. Rbb1 {[%clk 0:00:54]} Bxd1 {[%clk 0:00:18]} 27. Rxd1
{[%clk 0:00:51]} Rfc8 {[%clk 0:00:09]} 28. Ba3 {[%clk 0:00:41]} Rb8
{[%clk 0:00:05]} 29. Nbd4 {[%clk 0:00:34]} h6 {[%clk 0:00:05]} 30. h3
{[%clk 0:00:35]} Rc3 {[%clk 0:00:04]} 31. Bd6 {[%clk 0:00:35]} Rb2
{[%clk 0:00:05]} 32. Ne5 {[%clk 0:00:32]} Nxe5 {[%clk 0:00:06]} 33. Bxe5
{[%clk 0:00:34]} Rc8 {[%clk 0:00:04]} 34. Nxe6 {[%clk 0:00:28]} Rb6
{[%clk 0:00:03]} 35. Bxf6 {[%clk 0:00:24]} Rxe6 {[%clk 0:00:04]} 36. Bd4
{[%clk 0:00:25]} Rd6 {[%clk 0:00:03]} 37. Be4 {[%clk 0:00:24]} Re8
{[%clk 0:00:04]} 38. Bd3 {[%clk 0:00:24]} h5 {[%clk 0:00:04]} 39. h4
{[%clk 0:00:25]} Rdd8 {[%clk 0:00:04]} 40. Kg2 {[%clk 0:00:26]} Rd6
{[%clk 0:00:05]} 41. Ra1 Rde6 {[%clk 0:00:04]} 42. Ra5 {[%clk 0:00:28]} g6
{[%clk 0:00:05]} 43. Ra7 {[%clk 0:00:29]} R6e7 {[%clk 0:00:05]} 44. Ra5
{[%clk 0:00:30]} Rc7 {[%clk 0:00:05]} 45. Be2 {[%clk 0:00:29]} Rec8
{[%clk 0:00:05]} 46. Bf3 {[%clk 0:00:30]} Rc2 {[%clk 0:00:05]} 47. Bd5
{[%clk 0:00:29]} R2c7 {[%clk 0:00:04]} 48. Ra6 {[%clk 0:00:30]} Rd7
{[%clk 0:00:05]} 49. Rxg6+ {[%clk 0:00:30]} Kf8 {[%clk 0:00:05]} 50. Rg5
{[%clk 0:00:31]} Rc2 {[%clk 0:00:05]} 51. Rxh5 {[%clk 0:00:31]} Rd6
{[%clk 0:00:04]} 52. Rf5 {[%clk 0:00:32]} 1-0

[Event "Russian Blitz Team Championship (m)"]
[Site "Sochi"]
[Date "2022.10.17"]
[Round "8.8"]
[White "Popov, Valerij"]
[Black "Rozum, Ivan"]
[Result "0-1"]
[BlackElo "2428"]
[WhiteElo "2523"]
[LiveChessVersion "1.4.8"]

1. Nf3 {[%clk 0:03:03]} Nf6 {[%clk 0:03:03]} 2. c4 {[%clk 0:03:04]} b6
{[%clk 0:03:04]} 3. g3 {[%clk 0:03:03]} Bb7 {[%clk 0:03:05]} 4. Bg2
{[%clk 0:03:04]} c5 {[%clk 0:03:05]} 5. Nc3 {[%clk 0:03:05]} e6 {[%clk 0:03:06]}
6. O-O {[%clk 0:03:03]} Be7 {[%clk 0:03:07]} 7. Re1 {[%clk 0:03:04]} Ne4
{[%clk 0:03:07]} 8. Na4 {[%clk 0:03:00]} O-O {[%clk 0:02:56]} 9. d3
{[%clk 0:03:01]} Nf6 {[%clk 0:02:57]} 10. e4 {[%clk 0:02:57]} d6 {[%clk 0:02:55]}
11. b3 {[%clk 0:02:53]} Nbd7 {[%clk 0:02:53]} 12. Bb2 {[%clk 0:02:52]} a6
{[%clk 0:02:51]} 13. Nc3 {[%clk 0:02:50]} Qc7 {[%clk 0:02:43]} 14. Rc1
{[%clk 0:02:50]} Rac8 {[%clk 0:02:43]} 15. Ng5 {[%clk 0:02:47]} h6
{[%clk 0:02:40]} 16. Nh3 {[%clk 0:02:48]} Ne5 {[%clk 0:02:33]} 17. f4
{[%clk 0:02:46]} Nc6 {[%clk 0:02:34]} 18. Ne2 {[%clk 0:02:40]} Nd7
{[%clk 0:02:28]} 19. Qd2 {[%clk 0:02:32]} Bf6 {[%clk 0:02:28]} 20. Bxf6
{[%clk 0:02:24]} Nxf6 {[%clk 0:02:29]} 21. Nf2 {[%clk 0:02:26]} Rfe8
{[%clk 0:02:22]} 22. g4 {[%clk 0:02:20]} Qd8 {[%clk 0:02:16]} 23. Rf1
{[%clk 0:02:09]} b5 {[%clk 0:02:05]} 24. h3 {[%clk 0:02:07]} Nd7 {[%clk 0:02:03]}
25. Nh1 {[%clk 0:02:05]} Qa5 {[%clk 0:01:59]} 26. Nc3 {[%clk 0:01:51]} Nd4
{[%clk 0:01:55]} 27. Ng3 {[%clk 0:01:50]} Nf8 {[%clk 0:01:35]} 28. Rf2
{[%clk 0:01:44]} Qd8 {[%clk 0:01:31]} 29. Nce2 {[%clk 0:01:43]} Qh4
{[%clk 0:01:25]} 30. Rcf1 {[%clk 0:01:35]} Nxe2+ {[%clk 0:01:19]} 31. Nxe2
{[%clk 0:01:35]} Rc7 {[%clk 0:01:09]} 32. Nc3 {[%clk 0:01:33]} b4
{[%clk 0:01:07]} 33. Ne2 {[%clk 0:01:33]} Nh7 {[%clk 0:01:01]} 34. Qe3
{[%clk 0:01:32]} Rce7 {[%clk 0:01:00]} 35. d4 cxd4 {[%clk 0:00:51]} 36. Nxd4
{[%clk 0:01:32]} Nf6 {[%clk 0:00:45]} 37. Rd2 {[%clk 0:01:04]} Rd7
{[%clk 0:00:44]} 38. Rfd1 {[%clk 0:00:51]} Red8 {[%clk 0:00:40]} 39. Nc2
{[%clk 0:00:47]} a5 {[%clk 0:00:39]} 40. Rd3 {[%clk 0:00:43]} e5 {[%clk 0:00:35]}
41. f5 {[%clk 0:00:33]} h5 {[%clk 0:00:36]} 42. gxh5 {[%clk 0:00:30]} Nxh5 43. c5
{[%clk 0:00:25]} Nf4 {[%clk 0:00:36]} 44. Rxd6 {[%clk 0:00:25]} Rxd6
{[%clk 0:00:36]} 45. Rxd6 {[%clk 0:00:25]} Rxd6 {[%clk 0:00:32]} 46. cxd6
{[%clk 0:00:26]} Nxg2 {[%clk 0:00:33]} 47. Kxg2 {[%clk 0:00:25]} Bxe4+
{[%clk 0:00:34]} 48. Kh2 {[%clk 0:00:25]} Bxc2 {[%clk 0:00:31]} 0-1

[Event "Russian Blitz Team Championship (m)"]
[Site "Sochi"]
[Date "2022.10.17"]
[Round "9.1"]
[White "Chigaev, Maksim"]
[Black "Ponkratov, Pavel"]
[Result "1/2-1/2"]
[BlackElo "2515"]
[WhiteElo "2537"]
[LiveChessVersion "1.4.8"]

1. Nf3 {[%clk 0:03:02]} Nf6 {[%clk 0:03:02]} 2. c4 {[%clk 0:03:03]} g6
{[%clk 0:03:01]} 3. Nc3 {[%clk 0:03:04]} Bg7 {[%clk 0:03:00]} 4. e4
{[%clk 0:03:04]} e5 {[%clk 0:03:01]} 5. Nxe5 {[%clk 0:03:01]} O-O
{[%clk 0:03:02]} 6. Nf3 {[%clk 0:02:46]} Re8 {[%clk 0:03:03]} 7. Bd3
{[%clk 0:02:47]} b5 {[%clk 0:03:04]} 8. O-O {[%clk 0:02:19]} bxc4
{[%clk 0:02:51]} 9. Bxc4 {[%clk 0:02:19]} Nxe4 {[%clk 0:02:50]} 10. Bd5
{[%clk 0:01:57]} Nxc3 {[%clk 0:02:40]} 11. dxc3 {[%clk 0:01:46]} c6
{[%clk 0:02:41]} 12. Bg5 {[%clk 0:01:40]} Bf6 {[%clk 0:02:31]} 13. Bxf6
{[%clk 0:01:20]} Qxf6 {[%clk 0:02:32]} 14. Re1 {[%clk 0:01:06]} Rxe1+
{[%clk 0:02:25]} 15. Qxe1 {[%clk 0:01:07]} Na6 {[%clk 0:02:25]} 16. Bc4
{[%clk 0:00:58]} Nc7 {[%clk 0:02:23]} 17. Qe5 {[%clk 0:00:50]} Qxe5
{[%clk 0:02:16]} 18. Nxe5 {[%clk 0:00:51]} d5 {[%clk 0:02:17]} 19. Bb3
{[%clk 0:00:45]} Bb7 {[%clk 0:02:18]} 20. Ba4 {[%clk 0:00:28]} c5
{[%clk 0:02:18]} 21. Bc6 {[%clk 0:00:25]} Bxc6 {[%clk 0:02:09]} 22. Nxc6
{[%clk 0:00:25]} a5 {[%clk 0:02:09]} 23. h3 {[%clk 0:00:05]} Ra6 {[%clk 0:02:08]}
24. Ne5 {[%clk 0:00:05]} a4 {[%clk 0:02:05]} 25. Rd1 {[%clk 0:00:04]} Rb6
{[%clk 0:02:02]} 26. Rd2 {[%clk 0:00:05]} Kg7 {[%clk 0:01:51]} 27. Nd7
{[%clk 0:00:05]} Rb5 {[%clk 0:01:52]} 28. Ne5 {[%clk 0:00:03]} Ne6
{[%clk 0:01:50]} 29. Rxd5 {[%clk 0:00:03]} Rxb2 {[%clk 0:01:50]} 30. Rd7
{[%clk 0:00:04]} Kf6 {[%clk 0:01:49]} 31. Ng4+ {[%clk 0:00:04]} Kg7
{[%clk 0:01:46]} 32. Ne5 {[%clk 0:00:05]} Kf6 {[%clk 0:01:04]} 33. Ng4+
{[%clk 0:00:07]} Kg5 {[%clk 0:01:05]} 34. Rxf7 {[%clk 0:00:06]} h5
{[%clk 0:01:07]} 35. Ne5 {[%clk 0:00:04]} Rxa2 {[%clk 0:01:06]} 36. Nf3+
{[%clk 0:00:04]} Kh6 {[%clk 0:01:06]} 37. h4 {[%clk 0:00:05]} a3 {[%clk 0:00:52]}
38. Ra7 {[%clk 0:00:06]} Ra1+ {[%clk 0:00:30]} 39. Kh2 {[%clk 0:00:08]} a2
{[%clk 0:00:21]} 40. g3 {[%clk 0:00:08]} g5 {[%clk 0:00:15]} 41. hxg5+
{[%clk 0:00:05]} Kg6 {[%clk 0:00:15]} 42. Ra6 {[%clk 0:00:06]} Kf5
{[%clk 0:00:16]} 43. g6 {[%clk 0:00:07]} Ng7 {[%clk 0:00:12]} 44. Nd2
{[%clk 0:00:05]} Rc1 {[%clk 0:00:10]} 45. Rxa2 {[%clk 0:00:06]} Rxc3
{[%clk 0:00:11]} 46. Ra7 {[%clk 0:00:05]} Kxg6 {[%clk 0:00:12]} 47. Ne4
{[%clk 0:00:04]} Rc2 {[%clk 0:00:11]} 48. Kg2 {[%clk 0:00:03]} Ne6
{[%clk 0:00:11]} 49. Ra6 {[%clk 0:00:04]} Kf5 {[%clk 0:00:12]} 50. Nd6+
{[%clk 0:00:04]} Ke5 {[%clk 0:00:13]} 51. Nf7+ {[%clk 0:00:05]} Kf5
{[%clk 0:00:14]} 52. Nh6+ {[%clk 0:00:05]} Ke5 {[%clk 0:00:15]} 53. Nf7+
{[%clk 0:00:06]} Kf5 {[%clk 0:00:16]} 54. Nh6+ {[%clk 0:00:06]} Ke5 1/2-1/2

[Event "Russian Blitz Team Championship (m)"]
[Site "Sochi"]
[Date "2022.10.17"]
[Round "9.2"]
[White "Lysyj, Igor"]
[Black "Tomashevsky, Evgeny"]
[Result "1/2-1/2"]
[BlackElo "2695"]
[WhiteElo "2576"]
[LiveChessVersion "1.4.8"]

1. d4 {[%clk 0:03:02]} Nf6 {[%clk 0:03:03]} 2. c4 {[%clk 0:03:03]} e6
{[%clk 0:03:04]} 3. Nc3 {[%clk 0:03:04]} d5 {[%clk 0:03:05]} 4. cxd5
{[%clk 0:03:05]} exd5 {[%clk 0:03:06]} 5. Bf4 {[%clk 0:03:06]} Bd6
{[%clk 0:03:05]} 6. Bxd6 {[%clk 0:03:06]} Qxd6 {[%clk 0:03:06]} 7. e3
{[%clk 0:03:08]} O-O {[%clk 0:03:03]} 8. Bd3 {[%clk 0:03:08]} Re8
{[%clk 0:03:00]} 9. Nge2 {[%clk 0:03:07]} a6 {[%clk 0:02:54]} 10. h3
{[%clk 0:03:03]} c5 {[%clk 0:02:50]} 11. dxc5 {[%clk 0:03:00]} Qxc5
{[%clk 0:02:51]} 12. O-O {[%clk 0:02:56]} Nc6 {[%clk 0:02:51]} 13. Rc1
{[%clk 0:02:54]} Qe7 {[%clk 0:02:41]} 14. Nd4 {[%clk 0:02:49]} Nxd4
{[%clk 0:02:39]} 15. exd4 {[%clk 0:02:50]} Bd7 {[%clk 0:02:35]} 16. Qd2
{[%clk 0:02:38]} Qd6 {[%clk 0:02:35]} 17. Rfe1 {[%clk 0:02:38]} g6
{[%clk 0:02:28]} 18. Qg5 {[%clk 0:02:31]} Bc6 {[%clk 0:02:11]} 19. h4
{[%clk 0:02:18]} Kg7 {[%clk 0:02:10]} 20. a3 {[%clk 0:01:45]} h6 {[%clk 0:02:10]}
21. Qd2 {[%clk 0:01:45]} Rad8 {[%clk 0:02:06]} 22. g3 {[%clk 0:01:28]} Bd7
{[%clk 0:01:54]} 23. Rxe8 {[%clk 0:01:02]} Rxe8 {[%clk 0:01:54]} 24. Re1
{[%clk 0:01:04]} Qb6 {[%clk 0:01:49]} 25. Rxe8 {[%clk 0:00:58]} Bxe8
{[%clk 0:01:50]} 26. Be2 {[%clk 0:00:55]} Qd6 {[%clk 0:01:24]} 27. Bf3
{[%clk 0:00:55]} Bc6 {[%clk 0:01:25]} 28. Qe3 {[%clk 0:00:55]} a5
{[%clk 0:01:18]} 29. Bg2 {[%clk 0:00:48]} b6 {[%clk 0:01:16]} 30. Qe5
{[%clk 0:00:45]} Qxe5 {[%clk 0:01:16]} 31. dxe5 {[%clk 0:00:46]} Ne4
{[%clk 0:01:09]} 32. Nxe4 {[%clk 0:00:28]} dxe4 {[%clk 0:01:09]} 33. Kf1
{[%clk 0:00:28]} f6 {[%clk 0:01:00]} 34. Ke2 {[%clk 0:00:18]} fxe5
{[%clk 0:01:00]} 35. Ke3 {[%clk 0:00:19]} Kf6 {[%clk 0:01:01]} 36. Bxe4
{[%clk 0:00:20]} Bb5 {[%clk 0:01:00]} 1/2-1/2

[Event "Russian Blitz Team Championship (m)"]
[Site "Sochi"]
[Date "2022.10.17"]
[Round "9.3"]
[White "Drygalov, Andrey"]
[Black "Shomoev, Anton"]
[Result "1-0"]
[BlackElo "2499"]
[WhiteElo "2498"]
[LiveChessVersion "1.4.8"]

1. e4 {[%clk 0:03:03]} c5 {[%clk 0:03:03]} 2. Nf3 {[%clk 0:03:04]} d6
{[%clk 0:03:04]} 3. d4 {[%clk 0:03:06]} cxd4 {[%clk 0:03:06]} 4. Nxd4
{[%clk 0:03:07]} Nf6 {[%clk 0:03:07]} 5. Nc3 {[%clk 0:03:09]} a6 {[%clk 0:03:08]}
6. Be3 {[%clk 0:03:10]} e6 {[%clk 0:03:02]} 7. f3 {[%clk 0:03:10]} b5
{[%clk 0:03:03]} 8. Qd2 {[%clk 0:03:11]} Nbd7 {[%clk 0:03:04]} 9. g4
{[%clk 0:02:59]} b4 {[%clk 0:03:05]} 10. Nce2 {[%clk 0:02:53]} h6
{[%clk 0:03:06]} 11. O-O-O {[%clk 0:02:45]} Qc7 {[%clk 0:03:06]} 12. h4
{[%clk 0:02:35]} d5 {[%clk 0:03:07]} 13. Bf4 {[%clk 0:02:15]} e5 {[%clk 0:03:07]}
14. Bh2 {[%clk 0:02:17]} dxe4 {[%clk 0:03:09]} 15. g5 {[%clk 0:02:18]} hxg5
{[%clk 0:03:10]} 16. hxg5 {[%clk 0:02:19]} Rxh2 {[%clk 0:03:11]} 17. Rxh2
{[%clk 0:02:19]} exd4 {[%clk 0:03:10]} 18. Rh4 {[%clk 0:02:20]} Ng4
{[%clk 0:03:03]} 19. Rxg4 {[%clk 0:02:22]} Nc5 {[%clk 0:02:55]} 20. Rh4
{[%clk 0:02:20]} b3 {[%clk 0:02:40]} 21. Kb1 {[%clk 0:02:02]} bxc2+
{[%clk 0:02:41]} 22. Qxc2 {[%clk 0:01:57]} d3 {[%clk 0:02:41]} 23. Rxe4+
{[%clk 0:01:52]} Be6 {[%clk 0:02:36]} 24. Rxd3 {[%clk 0:01:50]} Rb8
{[%clk 0:02:23]} 25. Rd1 {[%clk 0:01:29]} Qa5 {[%clk 0:02:14]} 26. Rxe6+
{[%clk 0:01:29]} fxe6 {[%clk 0:02:08]} 27. Nd4 {[%clk 0:01:24]} Qb6
{[%clk 0:01:44]} 28. Bc4 {[%clk 0:01:23]} Be7 {[%clk 0:01:24]} 29. b3
{[%clk 0:01:14]} Rd8 {[%clk 0:01:16]} 30. Qg6+ {[%clk 0:01:15]} Kf8
{[%clk 0:01:18]} 31. Rh1 {[%clk 0:01:15]} Kg8 {[%clk 0:00:39]} 32. Nxe6
{[%clk 0:01:05]} 1-0

[Event "Russian Blitz Team Championship (m)"]
[Site "Sochi"]
[Date "2022.10.17"]
[Round "9.4"]
[White "Remizov, Yaroslav"]
[Black "Khegay, Dmitriy"]
[Result "0-1"]
[BlackElo "2457"]
[WhiteElo "2417"]
[LiveChessVersion "1.4.8"]

1. e4 {[%clk 0:03:02]} c5 {[%clk 0:03:04]} 2. Nf3 {[%clk 0:03:03]} d6
{[%clk 0:03:05]} 3. Bb5+ {[%clk 0:02:56]} Bd7 {[%clk 0:03:06]} 4. c4
{[%clk 0:02:54]} Nf6 {[%clk 0:03:02]} 5. Nc3 {[%clk 0:02:54]} g6 {[%clk 0:03:03]}
6. O-O {[%clk 0:02:51]} Bg7 {[%clk 0:03:05]} 7. d4 {[%clk 0:02:52]} cxd4
{[%clk 0:03:06]} 8. Nxd4 {[%clk 0:02:52]} O-O {[%clk 0:03:04]} 9. Be3
{[%clk 0:02:38]} a6 {[%clk 0:02:50]} 10. Bxd7 {[%clk 0:02:17]} Qxd7
{[%clk 0:02:51]} 11. f3 {[%clk 0:02:11]} Nc6 {[%clk 0:02:50]} 12. Nd5
{[%clk 0:01:59]} Nxd5 {[%clk 0:02:39]} 13. cxd5 {[%clk 0:01:58]} Nxd4
{[%clk 0:02:38]} 14. Bxd4 {[%clk 0:01:59]} Bxd4+ {[%clk 0:02:31]} 15. Qxd4
{[%clk 0:02:00]} Rfc8 {[%clk 0:02:30]} 16. Rac1 {[%clk 0:01:38]} Qb5
{[%clk 0:02:28]} 17. h4 {[%clk 0:01:31]} Qe2 {[%clk 0:02:08]} 18. Rfe1
{[%clk 0:01:25]} Qb5 {[%clk 0:02:01]} 19. h5 {[%clk 0:01:08]} Rc5
{[%clk 0:01:53]} 20. b4 {[%clk 0:00:52]} Rcc8 {[%clk 0:01:46]} 21. f4
{[%clk 0:00:33]} Rxc1 {[%clk 0:01:27]} 22. Rxc1 {[%clk 0:00:34]} Qe2
{[%clk 0:01:28]} 23. hxg6 {[%clk 0:00:17]} hxg6 {[%clk 0:01:29]} 24. a4
{[%clk 0:00:17]} Qg4 {[%clk 0:01:17]} 25. e5 {[%clk 0:00:17]} Rc8
{[%clk 0:01:09]} 26. Rxc8+ {[%clk 0:00:09]} Qxc8 {[%clk 0:01:10]} 27. exd6
{[%clk 0:00:07]} exd6 {[%clk 0:01:11]} 28. Kh2 {[%clk 0:00:06]} Qf5
{[%clk 0:01:06]} 29. a5 {[%clk 0:00:04]} Qg4 {[%clk 0:00:53]} 30. g3
{[%clk 0:00:04]} g5 {[%clk 0:00:41]} 31. Qe3 {[%clk 0:00:04]} gxf4
{[%clk 0:00:40]} 32. Qxf4 {[%clk 0:00:05]} Qh5+ {[%clk 0:00:41]} 33. Qh4
{[%clk 0:00:04]} Qxd5 {[%clk 0:00:42]} 34. Qd8+ {[%clk 0:00:04]} Kg7
{[%clk 0:00:43]} 35. Qe7 {[%clk 0:00:04]} Qd2+ {[%clk 0:00:37]} 36. Kh3
{[%clk 0:00:05]} Qd5 {[%clk 0:00:32]} 37. Kh4 {[%clk 0:00:04]} Kg6
{[%clk 0:00:27]} 38. Qe8 {[%clk 0:00:04]} Qh5# {[%clk 0:00:27]} 0-1

[Event "Russian Blitz Team Championship (m)"]
[Site "Sochi"]
[Date "2022.10.17"]
[Round "9.5"]
[White "Zakhartsov, Vladimir"]
[Black "Afanasiev, Nikita"]
[Result "1/2-1/2"]
[BlackElo "2541"]
[WhiteElo "2492"]
[LiveChessVersion "1.4.8"]

1. e4 {[%clk 0:03:03]} g6 {[%clk 0:03:03]} 2. d4 {[%clk 0:03:04]} Bg7
{[%clk 0:03:04]} 3. Nf3 {[%clk 0:03:05]} d6 {[%clk 0:03:05]} 4. c3
{[%clk 0:02:59]} Nf6 {[%clk 0:03:04]} 5. Bd3 {[%clk 0:03:00]} O-O
{[%clk 0:03:04]} 6. O-O {[%clk 0:03:00]} Nc6 {[%clk 0:03:05]} 7. h3
{[%clk 0:02:56]} e5 {[%clk 0:03:06]} 8. dxe5 {[%clk 0:02:57]} Nxe5
{[%clk 0:03:06]} 9. Nxe5 {[%clk 0:02:57]} dxe5 {[%clk 0:03:07]} 10. a4
{[%clk 0:02:58]} a5 {[%clk 0:03:06]} 11. Na3 {[%clk 0:02:52]} Nh5
{[%clk 0:03:01]} 12. Bc2 {[%clk 0:02:48]} Qe7 {[%clk 0:02:54]} 13. Re1
{[%clk 0:02:36]} Be6 {[%clk 0:02:50]} 14. Be3 {[%clk 0:02:23]} Rfd8
{[%clk 0:02:40]} 15. Qe2 {[%clk 0:02:21]} Nf6 {[%clk 0:02:26]} 16. Rad1
{[%clk 0:01:58]} b6 {[%clk 0:02:19]} 17. Nb5 {[%clk 0:01:45]} Rxd1
{[%clk 0:02:07]} 18. Rxd1 {[%clk 0:01:46]} Rd8 {[%clk 0:02:08]} 19. Rxd8+
{[%clk 0:01:28]} Qxd8 {[%clk 0:02:09]} 20. Qd3 {[%clk 0:01:28]} Qc8
{[%clk 0:02:06]} 21. b4 {[%clk 0:01:22]} Bf8 {[%clk 0:02:02]} 22. bxa5
{[%clk 0:01:19]} bxa5 {[%clk 0:02:03]} 23. Na7 {[%clk 0:01:19]} Qa8
{[%clk 0:02:00]} 24. Qb5 {[%clk 0:01:12]} Nxe4 {[%clk 0:01:38]} 25. Qxe5
{[%clk 0:01:03]} c5 {[%clk 0:01:23]} 26. Nb5 {[%clk 0:00:48]} Bf5
{[%clk 0:01:11]} 27. Nc7 {[%clk 0:00:19]} Qb8 {[%clk 0:01:11]} 28. Bxe4
{[%clk 0:00:18]} Bxe4 {[%clk 0:01:11]} 29. Qxe4 {[%clk 0:00:19]} Qxc7
{[%clk 0:01:12]} 30. Qe8 {[%clk 0:00:17]} Kg7 {[%clk 0:01:08]} 31. Qb5
{[%clk 0:00:16]} Bd6 {[%clk 0:00:13]} 32. c4 {[%clk 0:00:17]} Qe7
{[%clk 0:00:04]} 33. Qxa5 {[%clk 0:00:09]} Qe4 {[%clk 0:00:06]} 34. Qd2
{[%clk 0:00:07]} Qb1+ {[%clk 0:00:05]} 35. Qc1 {[%clk 0:00:08]} Qa2
{[%clk 0:00:06]} 36. Qd1 {[%clk 0:00:06]} Be5 {[%clk 0:00:05]} 37. Bxc5
{[%clk 0:00:04]} Qxc4 {[%clk 0:00:07]} 38. Be3 {[%clk 0:00:06]} Qa2
{[%clk 0:00:08]} 39. g3 {[%clk 0:00:05]} h5 {[%clk 0:00:05]} 40. h4
{[%clk 0:00:06]} Qc4 {[%clk 0:00:04]} 41. Bb6 {[%clk 0:00:06]} Qc6
{[%clk 0:00:04]} 42. a5 {[%clk 0:00:07]} Qb5 {[%clk 0:00:05]} 43. Bd4
{[%clk 0:00:05]} Qxa5 {[%clk 0:00:05]} 44. Bxe5+ {[%clk 0:00:04]} Qxe5
{[%clk 0:00:06]} 45. Qf3 {[%clk 0:00:05]} 1/2-1/2

[Event "Russian Blitz Team Championship (m)"]
[Site "Sochi"]
[Date "2022.10.17"]
[Round "9.6"]
[White "Tsydypov, Zhamsaran"]
[Black "Zakhartsov, Viacheslav V."]
[Result "1-0"]
[BlackElo "2414"]
[WhiteElo "2598"]
[LiveChessVersion "1.4.8"]

1. e4 {[%clk 0:03:01]} c5 {[%clk 0:03:03]} 2. Nf3 {[%clk 0:03:02]} d6
{[%clk 0:03:04]} 3. Bb5+ {[%clk 0:03:02]} Nd7 {[%clk 0:03:04]} 4. c3
{[%clk 0:03:00]} Ngf6 {[%clk 0:03:01]} 5. Bd3 {[%clk 0:03:01]} g6
{[%clk 0:02:48]} 6. O-O {[%clk 0:03:00]} Ne5 {[%clk 0:02:42]} 7. Nxe5
{[%clk 0:03:00]} dxe5 {[%clk 0:02:44]} 8. Be2 {[%clk 0:02:54]} Bg7
{[%clk 0:02:39]} 9. d3 {[%clk 0:02:53]} O-O {[%clk 0:02:37]} 10. Nd2
{[%clk 0:02:53]} Qc7 {[%clk 0:02:34]} 11. a4 {[%clk 0:02:53]} b6 {[%clk 0:02:30]}
12. h3 {[%clk 0:02:55]} Bb7 {[%clk 0:02:23]} 13. Nc4 {[%clk 0:02:54]} Nd7
{[%clk 0:02:15]} 14. Bg5 {[%clk 0:02:54]} Rfe8 {[%clk 0:02:11]} 15. Qd2
{[%clk 0:02:51]} Nf8 {[%clk 0:02:08]} 16. f4 {[%clk 0:02:47]} h6 {[%clk 0:01:51]}
17. Bh4 {[%clk 0:02:41]} exf4 {[%clk 0:01:52]} 18. a5 {[%clk 0:02:29]} b5
{[%clk 0:01:47]} 19. a6 {[%clk 0:02:27]} Bc6 {[%clk 0:01:48]} 20. Na5
{[%clk 0:02:27]} Bd7 {[%clk 0:01:49]} 21. d4 {[%clk 0:02:07]} cxd4
{[%clk 0:01:29]} 22. cxd4 {[%clk 0:02:08]} e5 {[%clk 0:01:28]} 23. d5
{[%clk 0:02:06]} g5 {[%clk 0:01:14]} 24. Bf2 {[%clk 0:02:05]} Ng6
{[%clk 0:01:12]} 25. Rfc1 {[%clk 0:01:54]} Qd6 {[%clk 0:01:10]} 26. Nb7 Qf6 27.
Rc7 {[%clk 0:01:53]} Bc8 {[%clk 0:01:06]} 28. Bxb5 {[%clk 0:01:53]} Rf8
{[%clk 0:01:07]} 29. Rc6 {[%clk 0:01:52]} Qe7 {[%clk 0:01:05]} 30. Bc5
{[%clk 0:01:52]} Qe8 {[%clk 0:01:05]} 31. Bxf8 {[%clk 0:01:30]} Qxf8
{[%clk 0:01:06]} 32. Rac1 {[%clk 0:01:22]} Bd7 {[%clk 0:01:03]} 33. R6c5
{[%clk 0:01:19]} Bxb5 {[%clk 0:01:03]} 34. Rxb5 {[%clk 0:01:20]} f5
{[%clk 0:00:55]} 35. d6 {[%clk 0:01:20]} fxe4 {[%clk 0:00:54]} 36. d7
{[%clk 0:01:14]} Bf6 {[%clk 0:00:56]} 37. Qd5+ {[%clk 0:01:13]} Kg7
{[%clk 0:00:56]} 38. Qxe4 {[%clk 0:01:14]} Nh4 {[%clk 0:00:53]} 39. Rc7
{[%clk 0:01:14]} Bd8 {[%clk 0:00:48]} 40. Nxd8 {[%clk 0:01:15]} Rxd8
{[%clk 0:00:50]} 41. Rxe5 {[%clk 0:01:09]} Ng6 {[%clk 0:00:50]} 42. Re8
{[%clk 0:01:07]} 1-0

[Event "Russian Blitz Team Championship (m)"]
[Site "Sochi"]
[Date "2022.10.17"]
[Round "9.7"]
[White "Kukhmazov, Arsen"]
[Black "Moiseenko, Vadim"]
[Result "1/2-1/2"]
[BlackElo "2492"]
[WhiteElo "2395"]
[LiveChessVersion "1.4.8"]

1. d4 {[%clk 0:03:03]} Nf6 {[%clk 0:03:03]} 2. c4 {[%clk 0:03:04]} b6
{[%clk 0:03:04]} 3. f3 {[%clk 0:03:05]} Nc6 {[%clk 0:03:03]} 4. Nc3
{[%clk 0:03:06]} e5 {[%clk 0:02:59]} 5. d5 {[%clk 0:03:07]} Ne7 {[%clk 0:03:00]}
6. e4 {[%clk 0:03:08]} Ng6 {[%clk 0:02:59]} 7. h4 {[%clk 0:03:08]} Nh5
{[%clk 0:02:43]} 8. Nge2 {[%clk 0:03:09]} Bc5 {[%clk 0:02:40]} 9. Bg5
{[%clk 0:02:57]} Be7 {[%clk 0:02:25]} 10. Bxe7 {[%clk 0:02:25]} Qxe7
{[%clk 0:02:25]} 11. g3 {[%clk 0:02:26]} O-O {[%clk 0:02:12]} 12. Bh3
{[%clk 0:02:24]} d6 {[%clk 0:02:10]} 13. Bxc8 Raxc8 {[%clk 0:02:11]} 14. Qd3
{[%clk 0:02:16]} Nf6 {[%clk 0:01:54]} 15. g4 {[%clk 0:02:02]} Nf4
{[%clk 0:01:52]} 16. Qd2 {[%clk 0:02:04]} Nd7 {[%clk 0:01:43]} 17. O-O-O
{[%clk 0:01:46]} Qf6 {[%clk 0:01:15]} 18. Kb1 {[%clk 0:01:12]} Nxe2
{[%clk 0:01:07]} 19. Qxe2 {[%clk 0:01:13]} a5 {[%clk 0:00:54]} 20. Rdg1
{[%clk 0:01:11]} Qe7 {[%clk 0:00:47]} 21. h5 {[%clk 0:01:05]} Nc5
{[%clk 0:00:41]} 22. Qe3 {[%clk 0:01:04]} Rb8 {[%clk 0:00:42]} 23. g5
{[%clk 0:01:02]} f5 {[%clk 0:00:37]} 24. gxf6 {[%clk 0:00:28]} Rxf6
{[%clk 0:00:38]} 25. Rg3 {[%clk 0:00:27]} Rbf8 {[%clk 0:00:36]} 26. Rhg1
{[%clk 0:00:17]} R8f7 {[%clk 0:00:37]} 27. Ne2 {[%clk 0:00:17]} Qf8
{[%clk 0:00:37]} 28. Rf1 {[%clk 0:00:12]} Kh8 {[%clk 0:00:33]} 29. Rf2
{[%clk 0:00:05]} Rf4 {[%clk 0:00:26]} 30. Nc3 {[%clk 0:00:06]} R7f6
{[%clk 0:00:23]} 31. b3 {[%clk 0:00:06]} Qf7 {[%clk 0:00:23]} 32. Rh3
{[%clk 0:00:06]} Rh6 {[%clk 0:00:19]} 33. Rfh2 {[%clk 0:00:06]} Rhf6
{[%clk 0:00:18]} 34. Rf2 {[%clk 0:00:08]} Rh6 {[%clk 0:00:19]} 35. Rfh2
{[%clk 0:00:09]} Rhf6 {[%clk 0:00:21]} 1/2-1/2